Covid-19 deaths by city - Statistics

General Stats
  • This quiz has been taken 38 times
    24 since last reset
  • The average score is 10 of 15
Answer Stats
City #Deaths src % Correct
New York 23000
100%
Los Angeles 3600 c
95%
London 6100
80%
Madrid 4100 p
70%
Moscow 4000
70%
Chicago 4700 c
65%
Mumbai 5100
65%
Sao Paulo 4600 p
65%
Mexico City 7200
60%
New Delhi 3200
60%
Rio de Janeiro 4200 p
60%
Barcelona 4200 p
55%
Lima 5200
50%
Detroit 2700 c
35%
Santiago 4400 p
30%
No matching quizzes found
Score Distribution
Percent of People with Each Score
Percentile by Number Answered
Your Score History
You have not taken this quiz since the last reset